[Event "Dueville op-B 1st"]
[Site "Dueville"]
[Date "2023.06.03"]
[Round "2"]
[White "Biserni, Federica"]
[Black "Montorfano, Carlo"]
[Result "1/2-1/2"]
[WhiteElo "1462"]
[BlackElo "1552"]
[PlyCount "109"]
[EventDate "2023.06.01"]
[EventType "swiss"]
[EventRounds "5"]
[EventCountry "ITA"]
[SourceTitle "EXT 2024"]
[Source "ChessBase"]
[SourceDate "2023.10.10"]
[SourceVersion "1"]
[SourceVersionDate "2023.10.10"]
[SourceQuality "1"]

1. e4 c6 2. d4 d5 3. f3 e6 4. Nc3 Bb4 5. exd5 exd5 6. Qe2+ Be6 7. Bd2 Qh4+ 8. Qf2 Qxf2+ 9. Kxf2 Nd7 10. Bd3 Ngf6 11. Nge2 0-0 12. Rhe1 Nb6 13. b3 h6 14. a3 Bd6 15. Kg1 Rfe8 16. Nf4 Bd7 17. Nfe2 Re7 18. Bf4 Bxf4 19. Nxf4 Rae8 20. Re2 g5 21. Rxe7 Rxe7 22. Nfe2 Nc8 23. Ng3 Nd6 24. Kf2 Kf8 25. Re1 Rxe1 26. Kxe1 Ke7 27. Nd1 Ng8 28. Ne3 Kf8 29. Ngf5 Nxf5 30. Nxf5 Bxf5 31. Bxf5 Ne7 32. Bd3 Kg7 33. Kf2 f5 34. g3 Kf6 35. f4 g4 36. Bf1 Nc8 37. h3 h5 38. hxg4 hxg4 39. b4 Nd6 40. a4 Ne4+ 41. Kg2 Nc3 42. a5 a6 43. Kf2 Na2 44. Ke3 Nxb4 45. Kd2 c5 46. dxc5 Nc6 47. Bg2 Ke6 48. Kc3 Nxa5 49. Kd4 Nc6+ 50. Kd3 a5 51. c4 Nb4+ 52. Kd4 Nc6+ 53. Kd3 Ne7 54. Kd4 Nc6+ 55. Kd3 1/2-1/2

[Event "Dueville op-B 1st"]
[Site "Dueville"]
[Date "2023.06.03"]
[Round "3"]
[White "Fiscato, Claudio"]
[Black "Biserni, Federica"]
[Result "0-1"]
[WhiteElo "1583"]
[BlackElo "1462"]
[PlyCount "60"]
[EventDate "2023.06.01"]
[EventType "swiss"]
[EventRounds "5"]
[EventCountry "ITA"]
[SourceTitle "EXT 2024"]
[Source "ChessBase"]
[SourceDate "2023.10.10"]
[SourceVersion "1"]
[SourceVersionDate "2023.10.10"]
[SourceQuality "1"]

1. e4 e5 2. Nf3 Nf6 3. d4 exd4 4. e5 Qe7 5. Qe2 Nd5 6. Nxd4 d6 7. exd6 Qxe2+ 8. Bxe2 Bxd6 9. 0-0 0-0 10. Bf3 c6 11. Re1 Na6 12. a3 Nac7 13. g3 Ne6 14. Bxd5 Nxd4 15. Be4 f5 16. Be3 Be5 17. Bxd4 Bxd4 18. Bd3 Bxb2 19. Ra2 Bd4 20. c3 Bc5 21. Rae2 Bd7 22. Bc4+ Kh8 23. Rd2 Rae8 24. Rxe8 Bxe8 25. a4 Bg6 26. Rb2 b6 27. Nd2 f4 28. Nb3 Bd6 29. Nd4 Re8 30. Nxc6 Re1+ 0-1

[Event "Padova Weekend op-B 8th"]
[Site "Padova"]
[Date "2005.12.18"]
[Round "6.34"]
[White "Biserni, Federica"]
[Black "Vastano, Ciro"]
[Result "1/2-1/2"]
[WhiteElo "1401"]
[BlackElo "1682"]
[PlyCount "41"]
[EventDate "2005.12.10"]
[EventType "swiss"]
[EventRounds "6"]
[EventCountry "ITA"]
[SourceTitle "EXT 2024"]
[Source "ChessBase"]
[SourceDate "2023.10.10"]
[SourceVersion "1"]
[SourceVersionDate "2023.10.10"]
[SourceQuality "1"]

1. e4 e6 2. d4 d5 3. Nd2 Nf6 4. e5 Nfd7 5. Bd3 c5 6. c3 Nc6 7. Ne2 f6 8. f4 Qb6 9. Nf3 Be7 10. 0-0 0-0 11. Qc2 fxe5 12. Bxh7+ Kh8 13. fxe5 cxd4 14. cxd4 Ncxe5 15. Nxe5 Nxe5 16. Rxf8+ Bxf8 17. Kh1 Ng4 18. b3 Bd7 19. Bb2 Rc8 20. Qg6 Nf6 21. Rf1 1/2-1/2

[Event "Veneto-ch qf 65th"]
[Site "Arqua Petrarca"]
[Date "2005.05.15"]
[Round "6.27"]
[White "Alessi, Giovanni"]
[Black "Biserni, Federica"]
[Result "1-0"]
[WhiteElo "1652"]
[BlackElo "1422"]
[PlyCount "95"]
[EventDate "2005.05.07"]
[EventType "swiss"]
[EventRounds "6"]
[EventCountry "ITA"]
[SourceTitle "EXT 2024"]
[Source "ChessBase"]
[SourceDate "2023.10.10"]
[SourceVersion "1"]
[SourceVersionDate "2023.10.10"]
[SourceQuality "1"]

1. e4 c6 2. g3 d5 3. Bg2 e5 4. exd5 cxd5 5. d3 Nc6 6. Ne2 Bc5 7. 0-0 Nge7 8. Nbc3 0-0 9. a3 Bg4 10. Qe1 a6 11. Bg5 f6 12. Bd2 Rc8 13. Rb1 b5 14. Kh1 Qd7 15. f4 Bh3 16. Ng1 Bxg2+ 17. Kxg2 d4 18. Ne4 Bd6 19. Nxd6 Qxd6 20. Qe2 Qd5+ 21. Nf3 Ng6 22. f5 Nge7 23. Qe4 Kf7 24. g4 g5 25. fxg6+ hxg6 26. h3 Rh8 27. c3 Qxe4 28. dxe4 d3 29. Rbd1 Rcd8 30. Ng5+ Kg7 31. Ne6+ Kf7 32. Nxd8+ Nxd8 33. Be3 Ne6 34. Rxd3 g5 35. Rd7 Ke8 36. Rfd1 Ng6 37. Ra7 Ngf4+ 38. Bxf4 Nxf4+ 39. Kf1 Rxh3 40. Rdd7 Rh1+ 41. Kf2 Rh2+ 42. Ke1 Rh1+ 43. Kd2 Rh2+ 44. Kc1 Ne2+ 45. Kd1 Nf4 46. Rdb7 Rh1+ 47. Kc2 Rh2+ 48. Kb3 1-0

[Event "Veneto-ch qf 65th"]
[Site "Arqua Petrarca"]
[Date "2005.05.15"]
[Round "5.23"]
[White "Morganti, Lionello"]
[Black "Biserni, Federica"]
[Result "1-0"]
[WhiteElo "1667"]
[BlackElo "1422"]
[PlyCount "65"]
[EventDate "2005.05.07"]
[EventType "swiss"]
[EventRounds "6"]
[EventCountry "ITA"]
[SourceTitle "EXT 2024"]
[Source "ChessBase"]
[SourceDate "2023.10.10"]
[SourceVersion "1"]
[SourceVersionDate "2023.10.10"]
[SourceQuality "1"]

1. e4 c6 2. d4 d5 3. Nc3 dxe4 4. Nxe4 Bf5 5. Ng3 Bg6 6. Bc4 Qc7 7. N1e2 e6 8. Bf4 Bd6 9. Bxd6 Qxd6 10. 0-0 Nd7 11. Re1 Ngf6 12. c3 0-0 13. Qc1 Nd5 14. Bxd5 exd5 15. Nf4 Rfe8 16. Qd2 h6 17. Nxg6 Qxg6 18. Re2 Re6 19. Rae1 Rae8 20. Rxe6 Rxe6 21. Rxe6 Qxe6 22. f3 a5 23. Kf2 Nb6 24. b3 a4 25. Qf4 axb3 26. axb3 g5 27. Qc7 Nd7 28. Qxb7 f5 29. Qc8+ Kf7 30. Qa6 f4 31. Ne2 Qe3+ 32. Ke1 Ke6 33. Qxc6+ 1-0